|
|
|
|
| LEADER |
01696cam a2200325 i 4500 |
| 001 |
8909682 |
| 003 |
GR-PaULI |
| 005 |
20210224120554.0 |
| 008 |
190326m20032005fr g 001 0 fre d |
| 952 |
|
|
|0 0
|1 0
|2 ddc
|3 τ.1
|4 0
|6 780_900000000000000_NAT
|7 0
|9 231008
|a THST
|b THST
|d 2019-03-26
|i 007734
|l 0
|o 780.9 NAT
|p 025000260091
|r 2019-03-26 00:00:00
|t 1
|v 2019.00
|w 2019-03-26
|y BK15
|
| 952 |
|
|
|0 0
|1 0
|2 ddc
|3 τ.3
|4 0
|6 780_900000000000000_ΝΑΤ
|7 0
|9 231010
|a THST
|b THST
|d 2019-03-26
|i 009946
|l 0
|o 780.9 ΝΑΤ
|p 025000260096
|r 2019-03-26 00:00:00
|t 1
|v 2019.00
|w 2019-03-26
|y BK15
|
| 952 |
|
|
|0 0
|1 0
|2 ddc
|3 τ.5
|4 0
|6 780_900000000000000_ΝΑΤ
|7 0
|9 231011
|a THST
|b THST
|d 2019-03-26
|i 009947
|l 0
|o 780.9 ΝΑΤ
|p 025000260092
|r 2019-03-26 00:00:00
|t 1
|v 2019.00
|w 2019-03-26
|y BK15
|
| 999 |
|
|
|c 140324
|d 140324
|
| 020 |
|
|
|a 2742742042 (τ.1)
|
| 020 |
|
|
|a 9782742769742 (τ.2)
|
| 020 |
|
|
|a 2742756256 (τ.3)
|
| 040 |
|
|
|a GR-PaULI
|b gre
|c GR-PaULI
|e AACR2
|
| 041 |
1 |
|
|a fre
|h ita
|
| 082 |
0 |
4 |
|a 780.9
|2 23
|
| 245 |
0 |
0 |
|a Musiques :
|b une encyclopedie pour le XXIème siècle /
|c sous la direction de Jean-Jacques Nattiez ; avec la collaboration de Margaret Bent, Rossana Dalmonte et Mario Baroni.
|
| 260 |
|
|
|a Arles :
|b Actes sud,
|c 2003-2005.
|
| 300 |
|
|
|a τ. :
|b μουσ. ;
|c 22 εκ.
|
| 504 |
|
|
|6 Περιλαμβάνει ευρετήριο.
|
| 505 |
|
|
|a vol.1. Musiques du XXème siècle -- vol.3. L'unite de la musique -- vol.5. Musiques et cultures.
|
| 546 |
|
|
|a Översättning från italienska
|
| 650 |
|
4 |
|a Μουσική
|x Ιστορία και κριτική
|9 7292
|
| 700 |
1 |
4 |
|a Nattiez, Jean Jacques.
|9 174792
|e επιμελητής
|
| 830 |
|
0 |
|9 174790
|a Cite de la musique
|
| 942 |
|
|
|2 ddc
|c BK15
|
| 998 |
|
|
|c ΜΑΝΙΑ
|d 2019-03
|